Responses for show #6298 - Wednesday, January 25, 2012

Contestants

Christen Lee, a social enterprise lawyer from Richmond, California

Taylor Cope, a financial analyst from Chicago, Illinois

Kirby Burnett, a poker dealer from Prior Lake, Minnesota (whose 2-day cash winnings total $57,800)

Jeopardy! Round responses

CHILD-REARING
TV TO MOVIE ROLES
MUSCLE CARS
20th CENTURY WORDS & PHRASES
BIRD BOOKS
EUROP"A"
    $200 12
a pacifier

Taylor
    $200 17
The Addams Family

Kirby
    $200 11
a Corvette

Kirby
    $200 6
smog

Taylor
    $200 18
To Kill a Mockingbird

Kirby
    $200 1
Athens

Taylor
    $400 13
homeschooling

Kirby
    $400 27
Steve Carell

Taylor
    $400 16
the Road Runner

Christen
    $400 7
artificial intelligence

Taylor
    $400 19
Lonesome Dove

Christen
    $400 5
Albania

Christen
    $600 14
the nighttime (or sleep time)

Taylor
    $600 28
Jessica Simpson

Christen
    $600 23
Dodge

Christen
    $600 8
a supermarket

Christen
    $2,400 20
Black Hawk Down

Christen
    $600 2
the Avon

Kirby
    $800 15
a Tiger Mother

Christen
    $800 29
(Kirby: Uh... who are... uh...)
(Christen: Who are Turner & Hooch?)
[Alex chuckles at Christen's response.]

Starsky & Hutch

KirbyTaylorChristen
    $800 24
Talladega

Kirby
    $800 9
a cybercafe

Christen
    $800 21
I Know Why the Caged Bird Sings

Christen
    $800 3
the Alps

Kirby
    $1000 26
pull-ups

Taylor
    $1000 30
Brendan Fraser

Taylor
    $1000 25
(Alex: With less than a minute to go.)

big block

Christen
    $1000 10
drive

Taylor
    $1000 22
Jonathan Livingston Seagull

Kirby
    $1000 4
the Amalfi Coast

Christen

Scores at the first commercial break (after clue 15):

Kirby Taylor Christen
$2,000 $2,600 $3,600

Scores at the end of the Jeopardy! Round:

Kirby Taylor Christen
$3,400 $5,800 $9,000

Double Jeopardy! Round responses

PLANT SCIENCE
THE BAND IS REALLY COOKING
STARTS WITH "Z"
IN THE MAGAZINE
PRESIDENTIAL RE-ELECTIONS
MORE 4 YEARS
    $400 19
hemlock

Christen
    $400 16
"Beans"

Christen
    $400 2
zero

Kirby
    $400 21
Rolling Stone

Christen
    $400 1
Mondale

Christen
    $400 7
a wardrobe malfunction

Taylor
    $6,000 20
marigold

Christen
    $800 17
"American Pie"

Christen
    $800 9
a zoom lens

Taylor
    $800 22
(Kirby: Uh, what is, uh...)

Mad

KirbyTaylor
    $800 3
Wilson

Taylor
    $800 8
Bonnie & Clyde

Kirby
    $1200 23
(Alex: Yes, with a minute to go.)

a violet

Christen
    $1200 18
"Fried"

Kirby
    $1200 11
Zander

Kirby
    $1200 28
Fortune

Christen
    $1200 4
(Benjamin) Spock

Kirby
    $1200 10
Martin Chuzzlewit

Kirby
    $1600 24
cassava (yuca accepted)

Christen
    $1600 26
"Green Onions"

Taylor
    $1600 12
Zephyr

Kirby
    $1600 29
Cat Fancy

Taylor
    $1600 5
(Taylor: Who is Thurmond?)

(Barry) Goldwater

KirbyTaylor
    $2,200 14
(Taylor: What is blasphemy?)

libel

Taylor
    $2000 25
angiosperm

Triple Stumper
    $2000 27
mussels

Taylor
    $2000 13
a Zealot

Taylor
    $2000 30
Esquire

Taylor
    $2000 6
Horace Greeley

Kirby
    $2000 15
Innsbruck

Christen

Scores at the end of the Double Jeopardy! Round:

Kirby Taylor Christen
$13,800 $14,000 $23,400

[wagering suggestions for these scores]

Final Jeopardy! Round responses

INTERNATIONAL SPORTS STARS
KirbyWho is Pele
$13,800
TaylorWho is Pele
$14,000
ChristenWho is Le Lemieux
$4,601
Pelé

Final scores:

Kirby Taylor Christen
$27,600 $28,000 $18,799
2nd place: $2,000 New champion: $28,000 3rd place: $1,000

Game dynamics:

Coryat scores:

Kirby Taylor Christen
$13,800 $16,200 $16,400
17 R,
2 W
19 R,
2 W
(including 1 DD)
22 R
(including 2 DDs),
1 W

Combined Coryat: $46,400

The J! Archive is created by fans, for fans. The Jeopardy! game show and all elements thereof, including but not limited to copyright and trademark thereto, are the property of Jeopardy Productions, Inc. and are protected under law. This website is not affiliated with, sponsored by, or operated by Jeopardy Productions, Inc. Join the discussion at JBoard.tv.